CATÁLOGO PÚBLICO DE LA BIBLIOTECA OSCAR VARSAVSKY

Zulia: Competitividad para el Desarrollo. (Registro nro. 12800)

Detalles MARC
000 -CABECERA
campo de control de longitud fija 00644nam a22001937a 4500
003 - IDENTIFICADOR DEL NÚMERO DE CONTROL
campo de control OSt
005 - FECHA Y HORA DE LA ÚLTIMA TRANSACCIÓN
campo de control 20190129064833.0
008 - DATOS DE LONGITUD FIJA--INFORMACIÓN GENERAL
campo de control de longitud fija 190129b xxu||||| |||| 00| 0 eng d
020 ## - NÚMERO INTERNACIONAL ESTÁNDAR DEL LIBRO
Número Internacional Estándar del Libro 980-217-187-5
040 ## - FUENTE DE LA CATALOGACIÓN
Centro catalogador/agencia de origen FEVP
Centro/agencia transcriptor FEVP
082 ## - NÚMERO DE LA CLASIFICACIÓN DECIMAL DEWEY
Número de clasificación 338.9872 IE22
100 ## - ENTRADA PRINCIPAL--NOMBRE DE PERSONA
Nombre de persona Instituto de Estudios Superiores de Administración (IESA).
245 ## - MENCIÓN DE TÍTULO
Título Zulia: Competitividad para el Desarrollo.
260 ## - PUBLICACIÓN, DISTRIBUCIÓN, ETC.
Lugar de publicación, distribución, etc. Caracas, Venezuela.
Nombre del editor, distribuidor, etc. Ediciones IESA.
Fecha de publicación, distribución, etc. 1997
300 ## - DESCRIPCIÓN FÍSICA
Extensión 481 pp.
Dimensiones 23 x 15,5 cm.
500 ## - NOTA GENERAL
Nota general Descriptores: Política Económica--Zulia-Venezuela; Industrias--Zulia; Recursos Naturales
600 ## - PUNTO DE ACCESO ADICIONAL DE MATERIA--NOMBRE DE PERSONA
Nombre de persona Centro IESA del Zulia.
942 ## - ELEMENTOS DE PUNTO DE ACCESO ADICIONAL (KOHA)
Fuente del sistema de clasificación o colocación Dewey Decimal Classification
Tipo de ítem Koha Libro

No hay ítems disponibles.